Score 0/36 Timer 08:00
0 Plays Today
Letters Solution % Correct
ANOICMAHCHINA
86.5%
DHIGNDANIAIINDIA
84.9%
ANOICMAHMAO
82.8%
FNECRAOPALNOENFRANCE
82%
DHIGNDANIAIGANDHI
79.4%
RLTRYEEIHMGANGERMANY
76.9%
ADDINGKITCHENMOTHERTUUNITED KINGDOM
75.4%
IAURNUTPSISRUSSIA
74.6%
NEUATSDARTSTNEAGEIUNITED STATES
74%
IAURNUTPSISPUTIN
72.2%
AIANFCOPSRNSPAIN
70.2%
ISUSTNMIOYLALIITALY
69.2%
RLTRYEEIHMGANHITLER
68.6%
FNECRAOPALNOENNAPOLEON
66.7%
RAJHOTNPOIIHAJAPAN
66.5%
ELTRGACOYAPPETEGYPT
66.3%
ISUSTNMIOYLALIMUSSOLINI
64%
AIANFCOPSRNFRANCO
61.3%
Letters Solution % Correct
ADDINGKITCHENMOTHERTUTHATCHER
60.7%
TAADRACEUUANDCANADA
59.1%
ASCOBTARUCCUBA
58.9%
WSALNDALAOPEPOLAND
58.5%
ASCOBTARUCCASTRO
56.6%
RAJHOTNPOIIHAHIROHITO
54.4%
AIUNSQEIRHSIRAQ
52.8%
NEUATSDARTSTNEAGEIREAGAN
52.3%
TAADRACEUUANDTRUDEAU
51.6%
AIUNSQEIRHSHUSSEIN
47.6%
CIALTMEAHODSNAUAFRSOUTH AFRICA
46.2%
URAIVEOELALBZENVVENEZUELA
45.4%
CIALTMEAHODSNAUAFRMANDELA
44.3%
GPONIENTANRAERARGENTINA
43.5%
WSALNDALAOPEWALESA
41.8%
GPONIENTANRAERPERÓN
36.1%
ELTRGACOYAPPETCLEOPATRA
33.7%
URAIVEOELALBZENVBOLÍVAR
29.6%
Come Together.
Have Fun.
All Virtual.
We all need to come together. Play Sporcle's virtual live trivia to have fun, connect with people, and get your trivia on. Join a live hosted trivia game for your favorite pub trivia experience done virtually. If a virtual private party is more your thing, go here for details.

You're not logged in!

Compare scores with friends on all Sporcle quizzes.
OR
Log In

Sporcle TV

Today on Sporcle TV


Watch our educational content, quiz creation guides, and fun videos on Sporcle TV.

Show Comments

Extras

Top Quizzes Today


Score Distribution

Paid Content

Your Account Isn't Verified!

In order to create a playlist on Sporcle, you need to verify the email address you used during registration. Go to your Sporcle Settings to finish the process.

Report this User

Report this user for behavior that violates our Community Guidelines.

Details: